<?xml version="1.0" encoding="UTF-8"?>
<record
    xmlns:xsi="http://www.w3.org/2001/XMLSchema-instance"
    xsi:schemaLocation="http://www.loc.gov/MARC21/slim http://www.loc.gov/standards/marcxml/schema/MARC21slim.xsd"
    xmlns="http://www.loc.gov/MARC21/slim">

  <leader>02010nam a2200361 i 4500</leader>
  <controlfield tag="001">5232270</controlfield>
  <controlfield tag="003">CZ PrSKC</controlfield>
  <controlfield tag="005">20260429111724.0</controlfield>
  <controlfield tag="007">ta</controlfield>
  <controlfield tag="008">260420s2026    xr     g      000 f cze  </controlfield>
  <datafield tag="020" ind1=" " ind2=" ">
    <subfield code="a">9788027924653</subfield>
  </datafield>
  <datafield tag="040" ind1=" " ind2=" ">
    <subfield code="a">ABG001</subfield>
    <subfield code="b">cze</subfield>
    <subfield code="e">rda</subfield>
  </datafield>
  <datafield tag="072" ind1=" " ind2="7">
    <subfield code="a">821.162.3-3</subfield>
    <subfield code="x">&#x10C;esk&#xE1; pr&#xF3;za</subfield>
    <subfield code="2">Konspekt</subfield>
  </datafield>
  <datafield tag="080" ind1=" " ind2=" ">
    <subfield code="a">821.162.3-31</subfield>
    <subfield code="2">MRF</subfield>
  </datafield>
  <datafield tag="080" ind1=" " ind2=" ">
    <subfield code="a">(0:82-311.6)</subfield>
    <subfield code="2">MRF</subfield>
  </datafield>
  <datafield tag="080" ind1=" " ind2=" ">
    <subfield code="a">(0:82-312.4)</subfield>
    <subfield code="2">MRF</subfield>
  </datafield>
  <datafield tag="100" ind1="1" ind2=" ">
    <subfield code="a">Dobrylovsk&#xFD;, Ji&#x159;&#xED;,</subfield>
    <subfield code="d">1961-</subfield>
    <subfield code="4">aut</subfield>
    <subfield code="9">9485</subfield>
  </datafield>
  <datafield tag="245" ind1="1" ind2="0">
    <subfield code="a">Ohavn&#xE9; mordy boleslavsk&#xE9; /</subfield>
    <subfield code="c">Ji&#x159;&#xED; Dobrylovsk&#xFD;, Jana Vitou&#x161;ov&#xE1;</subfield>
  </datafield>
  <datafield tag="250" ind1=" " ind2=" ">
    <subfield code="a">Vyd&#xE1;n&#xED; prvn&#xED;</subfield>
  </datafield>
  <datafield tag="264" ind1=" " ind2="1">
    <subfield code="a">Brno :</subfield>
    <subfield code="b">MOBA,</subfield>
    <subfield code="c">2026</subfield>
  </datafield>
  <datafield tag="300" ind1=" " ind2=" ">
    <subfield code="a">267 stran ;</subfield>
    <subfield code="c">21 cm</subfield>
  </datafield>
  <datafield tag="520" ind1="2" ind2=" ">
    <subfield code="a">Historick&#xE1; detektivka, odehr&#xE1;vaj&#xED;c&#xED; se osm let po bitv&#x11B; u Lipan, kter&#xE1; vlastn&#x11B; znamenala ukon&#x10D;en&#xED; husitsk&#xFD;ch v&#xE1;lek.</subfield>
    <subfield code="b">V kali&#x161;nick&#xE9; Mlad&#xE9; Boleslavi, pat&#x159;&#xED;c&#xED; p&#xE1;novi Jind&#x159;ichovi z Michalovic, je p&#x159;ed domem bohat&#xE9;ho kupce Pavla r&#xE1;no nalezen useknut&#xFD; prst. Kr&#xE1;tce nato je v m&#x11B;stsk&#xE9;m rybn&#xED;ku nalezen zavra&#x17E;d&#x11B;n&#xFD; truhl&#xE1;&#x159; &#x160;t&#x11B;p&#xE1;n. Rycht&#xE1;&#x159; z jeho vra&#x17E;dy obvin&#xED; kupce Pavla, jen na z&#xE1;klad&#x11B; toho, &#x17E;e &#x160;t&#x11B;p&#xE1;n se kdysi uch&#xE1;zel o sou&#x10D;asnou Pavlovu man&#x17E;elku Matyldu. Kupec Pavel m&#xE1; v&#x161;ak to &#x161;t&#x11B;st&#xED;, &#x17E;e je v p&#x159;&#xE1;telsk&#xFD;ch vztaz&#xED;ch s krajsk&#xFD;m hejtmanem Ji&#x159;&#xED;m z Pod&#x11B;brad. Pavlova &#x17E;ena Matylda se na Ji&#x159;&#xED;ho obr&#xE1;t&#xED; a on pov&#x11B;&#x159;&#xED; vy&#x161;et&#x159;en&#xED;m p&#x159;&#xED;padu ryt&#xED;&#x159;e Luk&#xE1;&#x161;e z Velyn&#x11B;. Velmi rychle se za&#x10D;ne prokazovat, &#x17E;e obvin&#x11B;n&#xED; kupce Pavla nelze op&#x159;&#xED;t o &#x17E;&#xE1;dn&#xE9; d&#x16F;kazy, proto Jind&#x159;ich z Michalovic jmenuje sv&#xE9;ho vlastn&#xED;ho zmocn&#x11B;nce ryt&#xED;&#x159;e Norberta z Malkova, aby na Ji&#x159;&#xED;m iniciovan&#xE9; vy&#x161;et&#x159;ov&#xE1;n&#xED; dohl&#xED;&#x17E;el... Nakladatelsk&#xE1; anotace.</subfield>
  </datafield>
  <datafield tag="655" ind1=" " ind2="7">
    <subfield code="a">&#x10D;esk&#xE9; rom&#xE1;ny</subfield>
  </datafield>
  <datafield tag="655" ind1=" " ind2="7">
    <subfield code="a">historick&#xE9; rom&#xE1;ny</subfield>
  </datafield>
  <datafield tag="655" ind1=" " ind2="7">
    <subfield code="a">detektivn&#xED; rom&#xE1;ny</subfield>
  </datafield>
  <datafield tag="655" ind1=" " ind2="9">
    <subfield code="a">Czech fiction</subfield>
  </datafield>
  <datafield tag="655" ind1=" " ind2="9">
    <subfield code="a">historical novels</subfield>
  </datafield>
  <datafield tag="655" ind1=" " ind2="9">
    <subfield code="a">detective novels</subfield>
  </datafield>
  <datafield tag="700" ind1="1" ind2=" ">
    <subfield code="a">Vitou&#x161;ov&#xE1;, Jana</subfield>
    <subfield code="4">aut</subfield>
    <subfield code="9">20735</subfield>
  </datafield>
  <datafield tag="710" ind1="2" ind2=" ">
    <subfield code="a">Nakladatelstv&#xED; MOBA</subfield>
    <subfield code="4">pbl</subfield>
    <subfield code="9">20521</subfield>
  </datafield>
  <datafield tag="910" ind1=" " ind2=" ">
    <subfield code="a">ABG508</subfield>
  </datafield>
  <datafield tag="952" ind1=" " ind2=" ">
    <subfield code="1">0</subfield>
    <subfield code="2">udc</subfield>
    <subfield code="4">0</subfield>
    <subfield code="0"></subfield>
  </datafield>
  <datafield tag="999" ind1=" " ind2=" ">
    <subfield code="c">34243</subfield>
    <subfield code="d">34243</subfield>
  </datafield>
</record>
